| 000 | 00560nam a2200217Ia 4500 | ||
|---|---|---|---|
| 003 | OSt | ||
| 005 | 20230509164548.0 | ||
| 008 | 210423s1981 xx 000 0 und d | ||
| 040 | _cAL | ||
| 041 | _aeng | ||
| 082 |
_a300.72 _223 _bGOOM |
||
| 100 |
_aGOODE (Willam J);HATT (Paul K) _9101751 |
||
| 245 | _aMethods in social research | ||
| 260 |
_aLondon _bTata McGrawhill _c1981 |
||
| 300 | _bPB | ||
| 365 | _cINR | ||
| 650 |
_aSocial Research _9101752 |
||
| 650 |
_aSocial Sciences _9101753 |
||
| 906 | _aMethods ; research. ; social | ||
| 942 |
_2ddc _cBK |
||
| 999 |
_c171797 _d171797 |
||